[Event "Blankenburg op-A 18th"]
[Site "Blankenburg"]
[Date "2013.10.05"]
[Round "6"]
[White "Homburg, David"]
[Black "Pruesse, Horst"]
[Result "1/2-1/2"]
[WhiteElo "2021"]
[BlackElo "2010"]
[PlyCount "80"]
[EventDate "2013.10.03"]
[EventType "swiss"]
[EventRounds "7"]
[EventCountry "GER"]
[SourceTitle "EXT 2015"]
[Source "ChessBase"]
[SourceDate "2014.11.20"]
[SourceVersion "1"]
[SourceVersionDate "2014.11.20"]
[SourceQuality "1"]

1. d4 Nf6 2. c4 e6 3. Nf3 b6 4. a3 Bb7 5. e3 Ne4 6. Nc3 Nxc3 7. bxc3 Be7 8. Bd3 f5 9. Qc2 0-0 10. e4 fxe4 11. Bxe4 Bxe4 12. Qxe4 Nc6 13. h4 Qe8 14. h5 Qf7 15. Qe2 d6 16. h6 g6 17. Ng5 Bxg5 18. Bxg5 e5 19. Be3 Rae8 20. Rd1 Na5 21. d5 Qd7 22. Rh4 Rf4 23. Bxf4 exf4 24. Rxf4 Rxe2+ 25. Kxe2 Qe7+ 26. Kf1 Qg5 27. Rdd4 Qxh6 28. Rde4 Qh1+ 29. Ke2 Qxg2 30. Re7 Nxc4 31. Rxc4 Qxd5 32. Rcxc7 Kf8 33. Rxh7 Qe4+ 34. Kd2 Qf4+ 35. Kd3 Qf3+ 36. Kc4 Qe2+ 37. Kb3 Qb5+ 38. Ka2 Qe2+ 39. Ka1 Qd1+ 40. Kb2 Qe2+ 1/2-1/2

[Event "Blankenburg op-A 18th"]
[Site "Blankenburg"]
[Date "2013.10.03"]
[Round "2"]
[White "Jahnel, Guenther"]
[Black "Homburg, David"]
[Result "1-0"]
[WhiteElo "2301"]
[BlackElo "2021"]
[PlyCount "59"]
[EventDate "2013.10.03"]
[EventType "swiss"]
[EventRounds "7"]
[EventCountry "GER"]
[SourceTitle "EXT 2015"]
[Source "ChessBase"]
[SourceDate "2014.11.20"]
[SourceVersion "1"]
[SourceVersionDate "2014.11.20"]
[SourceQuality "1"]

1. d4 Nf6 2. c4 e6 3. Nc3 Bb4 4. Nf3 0-0 5. Bg5 d5 6. e3 c6 7. Rc1 Nbd7 8. Bd3 Be7 9. 0-0 h6 10. Bh4 dxc4 11. Bxc4 Nd5 12. Bg3 N7f6 13. Bd3 Nb6 14. Bb1 Re8 15. Qc2 Nbd7 16. Nb5 e5 17. dxe5 cxb5 18. exf6 Nxf6 19. Rfd1 Qa5 20. Bc7 Qa4 21. b3 Qa6 22. e4 g6 23. Qd2 Bf8 24. e5 Nh7 25. Qf4 Be6 26. h4 h5 27. Nd4 b4 28. Nxe6 Qxe6 29. Be4 Qa6 30. Qf3 1-0

[Event "Oberliga Ost-A 0910"]
[Site "Germany"]
[Date "2010.03.21"]
[Round "9.7"]
[White "Rothe, Guido"]
[Black "Homburg, David"]
[Result "1-0"]
[WhiteElo "2156"]
[BlackElo "2022"]
[PlyCount "185"]
[EventDate "2009.10.18"]
[EventType "team-tourn"]
[EventRounds "11"]
[EventCountry "GER"]
[SourceTitle "EXT 2011"]
[Source "ChessBase"]
[SourceDate "2010.11.26"]
[SourceVersion "1"]
[SourceVersionDate "2010.11.26"]
[SourceQuality "1"]
[WhiteTeam "Magdeburg Aufbau Elbe"]
[BlackTeam "Magdeburg Rochade"]
[WhiteTeamCountry "GER"]
[BlackTeamCountry "GER"]

1. Nf3 d5 2. c4 c6 3. g3 Nf6 4. b3 Bf5 5. Bg2 e6 6. 0-0 Bd6 7. d3 0-0 8. Bb2 Re8 9. Nbd2 Bg6 10. Re1 e5 11. cxd5 cxd5 12. Nh4 Nc6 13. Nxg6 hxg6 14. h3 Bc5 15. e3 Rc8 16. a3 a5 17. Nf3 Qb6 18. Rc1 Bd6 19. h4 Rcd8 20. Ng5 Qc7 21. Rc2 Qe7 22. Qa1 Nb8 23. Rec1 Nbd7 24. d4 exd4 25. Bxd4 Bxa3 26. Rd1 Rc8 27. Rxc8 Rxc8 28. Nh3 Qb4 29. Nf4 Qxb3 30. Rb1 Qc2 31. Nxd5 Qxb1+ 32. Qxb1 Rc1+ 33. Qxc1 Bxc1 34. Nxf6+ Nxf6 35. Bxb7 a4 36. Ba6 Nd5 37. Bc4 Nb4 38. Bc3 Ba3 39. Bb5 Nd5 40. Bd4 Kf8 41. Bxa4 Nc7 42. Kg2 f6 43. Bb3 Ke7 44. Kf3 Nb5 45. Bb6 Bd6 46. e4 f5 47. Bc4 Nc7 48. Bd4 fxe4+ 49. Kxe4 Ne8 50. g4 Nf6+ 51. Kf3 Nd7 52. Be2 Be5 53. Be3 Kd6 54. g5 Bc3 55. Kg4 Ke6 56. f4 Bb2 57. Bc4+ Ke7 58. Kf3 Kd6 59. Bf7 Nf8 60. Ke4 Bc3 61. Bf2 Ke7 62. Bc4 Kd6 63. Bb3 Nd7 64. Kd3 Bb2 65. Kc4 Bc1 66. Bg3 Ke6 67. Bc2 Nf8 68. Kd4 Bd2 69. Ke4 Nd7 70. Bf2 Bc3 71. Bb3+ Ke7 72. Ba4 Nf8 73. Bd1 Kd6 74. Bg4 Ne6 75. f5 gxf5+ 76. Kxf5 Nf8 77. h5 Bb2 78. Be1 Ke7 79. Bb4+ Kf7 80. g6+ Ke8 81. Be2 Nd7 82. Bb5 Kd8 83. Ke6 Nb6 84. Be7+ Kc7 85. Bf8 Nc8 86. Bd7 Nb6 87. Bd6+ Kd8 88. Be7+ Kc7 89. Bd6+ Kd8 90. Bc6 Nc4 91. Bf8 Ne3 92. Bf3 Ke8 93. Be7 1-0

[Event "Oberliga Ost-A 0708"]
[Site "Germany"]
[Date "2007.11.03"]
[Round "2.8"]
[White "Homburg, David"]
[Black "Schaefer, Reyk"]
[Result "0-1"]
[WhiteElo "2067"]
[BlackElo "2126"]
[PlyCount "86"]
[EventDate "2007.09.23"]
[EventType "team-tourn"]
[EventRounds "11"]
[EventCountry "GER"]
[SourceTitle "EXT 2009"]
[Source "ChessBase"]
[SourceDate "2008.11.26"]
[SourceVersion "1"]
[SourceVersionDate "2008.11.26"]
[SourceQuality "1"]
[WhiteTeam "Magdeburg Rochade"]
[BlackTeam "Loeberitz"]
[WhiteTeamCountry "GER"]
[BlackTeamCountry "GER"]

1. e4 e5 2. Nf3 d6 3. d4 exd4 4. Nxd4 Nf6 5. Nc3 Be7 6. Be2 0-0 7. 0-0 Re8 8. f4 c5 9. Nb3 Nc6 10. Bf3 Bf8 11. Re1 a6 12. a4 Be6 13. Nd5 Bxd5 14. exd5 Rxe1+ 15. Qxe1 Nb4 16. Qd1 c4 17. Nd4 Nbxd5 18. Kh1 Qb6 19. Nf5 Qc5 20. Qd4 Qxd4 21. Nxd4 Re8 22. Bd2 Ne4 23. Re1 Ndf6 24. Bb4 d5 25. Bc3 Nxc3 26. Rxe8 Nxe8 27. bxc3 Nf6 28. g4 Bc5 29. Kg2 Ne4 30. Bxe4 dxe4 31. Kf1 b5 32. axb5 a5 33. Ne2 a4 34. Nc1 a3 35. Na2 Kf8 36. Ke2 Ke8 37. h3 Kd7 38. Kd2 Kc7 39. Ke2 Kb6 40. Kd2 Kxb5 41. Ke2 Kc6 42. Kd2 Kd5 43. Ke2 g5 0-1

[Event "Oberliga Ost-A 0708"]
[Site "Germany"]
[Date "2007.10.07"]
[Round "1.8"]
[White "Homburg, David"]
[Black "Schellig, Andreas"]
[Result "1-0"]
[WhiteElo "2067"]
[BlackElo "2168"]
[PlyCount "103"]
[EventDate "2007.09.23"]
[EventType "team-tourn"]
[EventRounds "11"]
[EventCountry "GER"]
[SourceTitle "EXT 2009"]
[Source "ChessBase"]
[SourceDate "2008.11.26"]
[SourceVersion "1"]
[SourceVersionDate "2008.11.26"]
[SourceQuality "1"]
[WhiteTeam "Magdeburg Rochade"]
[BlackTeam "Leipzig Gohlis II"]
[WhiteTeamCountry "GER"]
[BlackTeamCountry "GER"]

1. e4 d6 2. d4 Nf6 3. Nc3 g6 4. h3 Bg7 5. Nf3 0-0 6. Be3 e5 7. dxe5 dxe5 8. Qxd8 Rxd8 9. Bc4 Nbd7 10. Ng5 Rf8 11. Nb5 Ne8 12. a4 h6 13. Nf3 a6 14. Nc3 Kh7 15. g4 c6 16. a5 Nd6 17. Bd3 Re8 18. Nh4 Bf8 19. 0-0 Nb5 20. Na4 Be7 21. Ng2 g5 22. Nb6 Nxb6 23. Bxb6 Be6 24. Ne3 Bd8 25. Bc4 Bxb6 26. axb6 Bxc4 27. Nxc4 Rad8 28. Rfd1 Rd4 29. Rxd4 exd4 30. e5 Kg7 31. f4 f6 32. Rf1 gxf4 33. exf6+ Kxf6 34. Rxf4+ Kg7 35. Kf2 Re7 36. h4 Kg6 37. Kf3 Kg7 38. Re4 Rf7+ 39. Ke2 Rd7 40. Kd3 Kf6 41. Rf4+ Ke7 42. g5 hxg5 43. hxg5 Ke6 44. Ke4 Rd5 45. Rf6+ Ke7 46. Rf5 Nd6+ 47. Nxd6 Rxd6 48. b4 Ke8 49. Rf6 Rd7 50. Rh6 Rg7 51. g6 Kf8 52. Rh8+ 1-0

[Event "GER-ch U16"]
[Site "Willingen"]
[Date "2007.05.31"]
[Round "8"]
[White "Windjaeger, Gerd"]
[Black "Homburg, David"]
[Result "0-1"]
[WhiteElo "1478"]
[BlackElo "2075"]
[PlyCount "46"]
[EventDate "2007.05.26"]
[EventType "swiss"]
[EventRounds "9"]
[EventCountry "GER"]
[SourceTitle "CBM 118 Extra"]
[Source "ChessBase"]
[SourceDate "2007.07.04"]
[SourceVersion "1"]
[SourceVersionDate "2007.07.04"]
[SourceQuality "1"]

1. d4 Nf6 2. Nf3 g6 3. Nbd2 d5 4. e3 Bg7 5. Bd3 0-0 6. 0-0 b6 7. e4 dxe4 8. Nxe4 Bb7 9. Re1 Nbd7 10. c3 Rc8 11. Qe2 Nxe4 12. Bxe4 c6 13. Bc2 e6 14. Bb3 h6 15. Bf4 Nf6 16. Rad1 Qe7 17. Rd2 Rfd8 18. Red1 Qf8 19. Ne5 Nd5 20. Bg3 Bf6 21. Qg4 Qe7 22. Re1 h5 23. Qe2 h4 0-1

[Event "GER-ch U16"]
[Site "Willingen"]
[Date "2007.05.28"]
[Round "3"]
[White "Roitzsch, Philippe"]
[Black "Homburg, David"]
[Result "0-1"]
[WhiteElo "1874"]
[BlackElo "2075"]
[PlyCount "92"]
[EventDate "2007.05.26"]
[EventType "swiss"]
[EventRounds "9"]
[EventCountry "GER"]
[SourceTitle "CBM 118 Extra"]
[Source "ChessBase"]
[SourceDate "2007.07.04"]
[SourceVersion "1"]
[SourceVersionDate "2007.07.04"]
[SourceQuality "1"]

1. e4 c5 2. c3 d5 3. exd5 Qxd5 4. d4 Nc6 5. Nf3 Bg4 6. Be2 e6 7. 0-0 Nf6 8. Be3 cxd4 9. cxd4 Bb4 10. a3 Ba5 11. b4 Bb6 12. Nc3 Qd8 13. b5 Ne7 14. Na4 Ned5 15. Rc1 0-0 16. h3 Bh5 17. g4 Bg6 18. Ne5 Nxe3 19. fxe3 Nd5 20. Qb3 Nxe3 21. Rf3 Qxd4 22. Nxb6 Nd5+ 23. Kf1 Nxb6 24. Nxg6 hxg6 25. Rd1 Qa4 26. Qc3 Nd5 27. Qe5 a6 28. Rd4 Qc2 29. bxa6 bxa6 30. Bd3 Qc1+ 31. Kg2 Qxa3 32. Bxg6 Qe7 33. Be4 Qe8 34. Bxd5 exd5 35. Qxd5 Rd8 36. Qc5 Rxd4 37. Qxd4 Qc6 38. Kg3 Qc7+ 39. Kg2 Rd8 40. Qe3 a5 41. h4 Rb8 42. Qe2 Qc1 43. Rf2 Qc6+ 44. Kh2 Rb1 45. Rf3 a4 46. Kg3 Rb3 0-1

[Event "Blankenburg op-A 13th"]
[Site "Blankenburg"]
[Date "2005.10.04"]
[Round "7"]
[White "Homburg, David"]
[Black "Windelband, Jens"]
[Result "0-1"]
[WhiteElo "2122"]
[BlackElo "2159"]
[PlyCount "44"]
[EventDate "2005.09.30"]
[EventType "swiss"]
[EventRounds "7"]
[EventCountry "GER"]
[SourceTitle "EXT 2007"]
[Source "ChessBase"]
[SourceDate "2006.11.23"]
[SourceVersion "1"]
[SourceVersionDate "2006.11.23"]
[SourceQuality "1"]

1. e4 e6 2. d4 d5 3. Nd2 Nf6 4. e5 Nfd7 5. Bd3 c5 6. c3 Nc6 7. Ndf3 Qb6 8. Ne2 cxd4 9. cxd4 f6 10. exf6 Nxf6 11. 0-0 Bd6 12. a3 0-0 13. Bc2 Qc7 14. Qd3 e5 15. dxe5 Nxe5 16. Nxe5 Bxe5 17. Ng3 Qc4 18. Rb1 Bd7 19. Re1 Qxd3 20. Bxd3 Rae8 21. Rf1 Ng4 22. Nh1 Bxh2# 0-1

[Event "Blankenburg op-A 13th"]
[Site "Blankenburg"]
[Date "2005.10.01"]
[Round "2"]
[White "Homburg, David"]
[Black "Perkampus, Lars"]
[Result "1/2-1/2"]
[WhiteElo "2122"]
[BlackElo "1716"]
[PlyCount "38"]
[EventDate "2005.09.30"]
[EventType "swiss"]
[EventRounds "7"]
[EventCountry "GER"]
[SourceTitle "EXT 2007"]
[Source "ChessBase"]
[SourceDate "2006.11.23"]
[SourceVersion "1"]
[SourceVersionDate "2006.11.23"]
[SourceQuality "1"]

1. e4 e6 2. d4 d5 3. Nd2 dxe4 4. Nxe4 Nf6 5. Nxf6+ Qxf6 6. Nf3 h6 7. Bc4 Nc6 8. 0-0 Na5 9. Bd3 Bd6 10. c4 Bd7 11. a3 c5 12. dxc5 Bxc5 13. Rb1 Nc6 14. b4 Bd4 15. Nxd4 Nxd4 16. Bb2 Qf4 17. b5 e5 18. Re1 0-0-0 19. Re4 Qf6 1/2-1/2

[Event "Muehlhausen op"]
[Site "Muehlhausen"]
[Date "2005.05.06"]
[Round "1"]
[White "Homburg, David"]
[Black "Sobolevsky, Leonid"]
[Result "0-1"]
[WhiteElo "2122"]
[BlackElo "2358"]
[PlyCount "98"]
[EventDate "2005.05.04"]
[EventType "swiss"]
[EventRounds "7"]
[EventCountry "GER"]
[SourceTitle "EXT 2006"]
[Source "ChessBase"]
[SourceDate "2005.11.24"]
[SourceVersion "1"]
[SourceVersionDate "2005.11.24"]
[SourceQuality "1"]

1. e4 c5 2. Nf3 Nc6 3. d4 cxd4 4. Nxd4 e5 5. Nf5 d5 6. exd5 Bxf5 7. dxc6 Qxd1+ 8. Kxd1 0-0-0+ 9. Bd2 bxc6 10. Ba6+ Kb8 11. Re1 f6 12. Re3 Be6 13. Ke1 Bc5 14. Rg3 g5 15. Ba5 Rd4 16. Nc3 Ne7 17. Rd3 Nf5 18. Rad1 Bb6 19. Bxb6 axb6 20. Rxd4 Nxd4 21. Bd3 f5 22. f3 Kc7 23. Ne2 c5 24. Nxd4 cxd4 25. Kd2 Kd6 26. a3 Rf8 27. Rf1 g4 28. fxg4 f4 29. Be4 Bxg4 30. Bf3 Bf5 31. Re1 Re8 32. Be4 Bxe4 33. Rxe4 Kd5 34. Kd3 Rg8 35. Re2 b5 36. c3 dxc3 37. bxc3 Rc8 38. Rb2 e4+ 39. Kd2 Rc5 40. Rb4 Ke5 41. a4 e3+ 42. Kc2 bxa4 43. Rxa4 Rd5 44. Ra7 Rd2+ 45. Kc1 Rxg2 46. Rxh7 Ke4 47. c4 Rg1+ 48. Kc2 e2 49. Re7+ Kf3 0-1